000 00610nam a2200181Ia 4500
008 090123s9999 xx 000 0 und d
082 _b36827
_a891.463/दळवी
100 _aदळवी प्रदिप
245 _aसंभवामि युगे युगे
250 _a0
260 _bमनोरमा प्रकाशन
_c2004
300 _a190
600 _aदळवी प्रदिप
630 _aसंभवामि युगे युगे
700 _aदळवी प्रदिप
730 _aसंभवामि युगे युगे
942 _cBOOK
999 _c74894
_d74894